[Event "German Bundesliga 2021-22"]
[Site "Germany"]
[Date "2022.04.10"]
[Round "4.8"]
[White "Hausrath, Daniel"]
[Black "Pitl, Gregory"]
[Result "1-0"]
[WhiteElo "2475"]
[BlackElo "2379"]
[Annotator "TA"]
[PlyCount "49"]
[EventDate "2022.03.05"]
[EventType "team-tourn"]
[EventCountry "GER"]
[SourceTitle "playchess.com"]
[Source "ChessBase"]
[SourceQuality "1"]
[TimeControl "40/5400+30:1800+30"]

{[%evp 10,49,32,28,42,41,35,48,43,16,18,6,120,111,105,104,120,111,201,188,199,202,177,186,292,293,299,78,72,93,81,78,205,191,269,248,253,265,352,350,318,225]} 1. Nf3 {[%emt 0:00:00]} d5 {[%emt 0:00:00]} 2. g3 {[%emt 0:00:00]} Nf6 {[%emt 0:00:00]} 3. Bg2 {[%emt 0:00:00]} c6 {[%emt 0:00:00]} 4. c4 {[%emt 0:00:00]} Bf5 {[%emt 0:00:00]} 5. Qb3 {[%emt 0:00:00]} Qb6 {[%emt 0:00:00]} 6. d3 {[%emt 0:00:00]} dxc4 {[%emt 0:03:24] A11: English Opening: 1...c6.} 7. Qxc4 {[%emt 0:00:00]} Nbd7 {[%emt 0:00:30]} 8. O-O {[%emt 0:02:01]} e5 {[%emt 0:08:10] [#] White is slightly better.} 9. Ng5 $146 {[%emt 0:33:46]} ({Predecessor:} 9. b3 Bd6 10. Bb2 O-O 11. Nbd2 Rac8 12. Qc2 Bb8 13. Nc4 Qa6 14. Ncxe5 Nxe5 15. Bxe5 Bxe5 16. Nxe5 {0-1 (38) Zochowski,K (2233)-Lubczynski,R (2429) Bydgoszcz 2021}) 9... Bg6 {[%emt 0:00:30]} 10. Be3 {[%emt 0:00:30]} Qxb2 {[%emt 0:00:30]} (10... Qb4 $11 {remains equal.}) 11. Nd2 $36 {[%emt 0:00:30][%mdl 2048] Keeping Black busy.} Qa3 {[%emt 0:00:30]} 12. Rab1 {[%emt 0:00:30] &Bianco is much more active. The black rooks are badly placed.} Bc5 {[%emt 0:00:30] [#]} 13. Bxc5 {[%emt 0:00:30]} (13. Rxb7 Bxe3 14. fxe3 O-O $14) 13... Qxc5 {[%emt 0:00:30]} (13... Nxc5 $16 14. Rfc1 Nfd7) 14. Rxb7 $18 {[%emt 0:00:30]} O-O {[%emt 0:00:30]} 15. Bxc6 {[%emt 0:00:30]} Qa5 {[%emt 0:00:30]} 16. Nb3 {[%emt 0:00:30]} (16. Bxd7 Qxd2 17. Qc1 Qxe2 $15) 16... Qxa2 {[%emt 0:00:30]} (16... Qd8 {was called for.} 17. Qa4 Nb6) 17. Bxd7 {[%emt 0:00:30]} Qxe2 {[%emt 0:00:30]} 18. Nc1 {[%emt 0:00:30] [#]} (18. Nc5 $18) 18... Qh5 $16 {[%emt 0:00:30]} 19. Qh4 {[%emt 0:00:30]} Qxh4 {[%emt 0:00:30]} 20. gxh4 {[%emt 0:00:30]} Rfd8 {[%emt 0:00:30] This move loses the game for Black.} (20... Nxd7 $16 21. Rxd7 a5) 21. Bb5 $18 {[%emt 0:00:30]} Rd4 {[%emt 0:00:30]} (21... h6 $142) 22. f3 {[%emt 0:00:30]} Rxh4 {[%emt 0:00:30]} 23. Bc4 {[%emt 0:51:32]} a5 {[%emt 1:12:31]} 24. Ne2 {[%emt 0:00:30] Against Rd4} ({Don't play} 24. Bxf7+ Bxf7 25. Nxf7 Nd5 26. Nxe5 a4 $18) 24... h6 {[%emt 0:00:30]} 25. Ne4 {[%emt 0:00:30] Weighted Error Value: White=0.25 (precise) /Black=0.34} ({Resist} 25. Nxf7 Rxc4 26. Nxh6+ (26. dxc4 Bxf7 27. c5 Bd5 $16) 26... gxh6 $18) 1-0

[Event "German Bundesliga 2021-22"]
[Site "Germany"]
[Date "2022.04.10"]
[Round "4.8"]
[White "Koellner, Ruben Gideon"]
[Black "Huesmann, Thomas"]
[Result "1-0"]
[WhiteElo "2441"]
[BlackElo "2133"]
[Annotator "NA RC"]
[PlyCount "85"]
[EventDate "2022.03.05"]
[EventType "team-tourn"]
[EventCountry "GER"]
[SourceTitle "playchess.com"]
[Source "ChessBase"]
[SourceQuality "1"]
[TimeControl "40/5400+30:1800+30"]

1. d4 {[%emt 0:00:00]} f5 {[%emt 0:00:00]} 2. Nc3 {[%emt 0:00:00]} Nf6 {[%emt 0:00:00]} 3. Bg5 {[%emt 0:00:00]} d5 {[%emt 0:00:00]} 4. Bxf6 {[%emt 0:00:00]} exf6 {[%emt 0:00:00]} 5. e3 {[%emt 0:00:00]} Be6 {[%emt 0:00:00]} 6. Bd3 {[%emt 0:00:00]} Qd7 {[%emt 0:00:00]} 7. Qf3 {[%emt 0:00:00]} Nc6 {[%emt 0:00:00]} 8. O-O-O {[%emt 0:00:00]} O-O-O {[%emt 0:00:00]} 9. h4 {[%emt 0:00:00]} h5 {[%emt 0:00:00]} 10. Nh3 {[%emt 0:00:00]} g6 {[%emt 0:00:00]} 11. Nf4 {[%emt 0:00:00]} Bf7 {[%emt 0:00:00]} 12. Kb1 {[%emt 0:00:00]} Kb8 {[%emt 0:00:00]} 13. Rc1 {[%emt 0:05:18]} Ne5 {[%emt 0:03:15]} 14. Qe2 {[%emt 0:15:11]} Nxd3 {[%emt 0:01:12]} 15. cxd3 {[%emt 0:03:18]} c6 {[%emt 0:02:31]} 16. Na4 {[%emt 0:01:09]} b6 {[%emt 0:03:00]} 17. Nc3 {[%emt 0:04:39]} Bd6 {[%emt 0:02:34]} 18. g3 {[%emt 0:00:17]} Rhe8 {[%emt 0:05:36]} 19. Qd1 {[%emt 0:01:06]} Rc8 {[%emt 0:04:55]} 20. Qa4 {[%emt 0:00:47]} b5 {[%emt 0:03:42]} 21. Qb3 {[%emt 0:00:40]} a6 {[%emt 0:02:28]} 22. Na4 {[%emt 0:00:20]} Qb7 {[%emt 0:09:49]} 23. Nc5 {[%emt 0:00:09]} Bxc5 {[%emt 0:00:30]} 24. Rxc5 {[%emt 0:00:43]} Qb6 {[%emt 0:02:06]} 25. Qc3 {[%emt 0:03:27]} Kb7 {[%emt 0:01:36]} 26. Ne2 {[%emt 0:00:25]} Rc7 {[%emt 0:03:06]} 27. Nc1 {[%emt 0:00:16]} a5 {[%emt 0:04:37]} 28. Nb3 {[%emt 0:04:01]} Ra8 {[%emt 0:01:24]} 29. a4 {[%emt 0:00:29]} Kc8 {[%emt 0:11:56]} 30. Rc1 {[%emt 0:08:50]} Be8 {[%emt 0:12:41]} 31. axb5 {[%emt 0:00:27]} a4 {[%emt 0:00:09]} 32. Na1 {[%emt 0:00:33]} Ra5 {[%emt 0:02:52]} 33. bxc6 {[%emt 0:01:03]} Rxc5 {[%emt 0:01:25]} 34. Qxc5 {[%emt 0:06:36]} Qxc5 {[%emt 0:06:04]} 35. Rxc5 {[%emt 0:02:32]} Rxc6 {[%emt 0:05:02]} 36. Nc2 {[%emt 0:02:46]} Kb7 {[%emt 0:03:25]} 37. Nb4 {[%emt 0:01:23]} Rb6 {[%emt 0:01:15]} 38. Nxd5 {[%emt 0:00:14]} Rb3 {[%emt 0:00:10]} 39. Rc3 {[%emt 0:00:10]} Bb5 {[%emt 0:00:39]} 40. Rxb3 {[%emt 0:01:10]} axb3 {[%emt 0:00:08]} 41. Nf4 {[%emt 0:30:03]} g5 {[%emt 0:30:29]} 42. Nxh5 {[%emt 0:00:09]} Bxd3+ {[%emt 0:00:14]} 43. Kc1 {[%emt 0:00:05]} 1-0

[Event "German Bundesliga 2021-22"]
[Site "Germany"]
[Date "2022.04.10"]
[Round "4.8"]
[White "Abergel, Thal"]
[Black "Ciolek, Andreas"]
[Result "1/2-1/2"]
[WhiteElo "2384"]
[BlackElo "2194"]
[Annotator "NA RC"]
[PlyCount "42"]
[EventDate "2022.03.05"]
[EventType "team-tourn"]
[EventCountry "GER"]
[SourceTitle "playchess.com"]
[Source "ChessBase"]
[SourceQuality "1"]
[TimeControl "40/5400+30:1800+30"]

1. e4 {[%emt 0:00:00]} c5 {[%emt 0:00:00]} 2. Nf3 {[%emt 0:00:00]} d6 {[%emt 0:00:00]} 3. d4 {[%emt 0:00:00]} cxd4 {[%emt 0:00:00]} 4. Nxd4 {[%emt 0:00:00]} Nf6 {[%emt 0:00:00]} 5. Nc3 {[%emt 0:00:00]} a6 {[%emt 0:00:00]} 6. h4 {[%emt 0:00:00]} e5 {[%emt 0:00:00]} 7. Nb3 {[%emt 0:00:00]} Be7 {[%emt 0:00:00]} 8. Be2 {[%emt 0:00:00]} Be6 {[%emt 0:00:00]} 9. f4 {[%emt 0:00:00]} Qc7 {[%emt 0:09:03]} 10. f5 {[%emt 0:03:00]} Bc4 {[%emt 0:05:22]} 11. g4 {[%emt 0:06:18]} h6 {[%emt 0:12:32]} 12. Be3 {[%emt 0:26:08]} b5 {[%emt 0:06:01]} 13. Bxc4 {[%emt 0:08:57]} Qxc4 {[%emt 0:03:44]} 14. Qf3 {[%emt 0:04:49]} b4 {[%emt 0:05:47]} 15. Nd2 {[%emt 0:00:34]} Qc6 {[%emt 0:07:01]} 16. Ne2 {[%emt 0:00:21]} d5 {[%emt 0:04:43]} 17. exd5 {[%emt 0:03:45]} Qxd5 {[%emt 0:01:53]} 18. Qxd5 {[%emt 0:00:30]} Nxd5 {[%emt 0:00:06]} 19. Bf2 {[%emt 0:00:16]} Nd7 {[%emt 0:07:07]} 20. O-O-O {[%emt 0:01:01]} N7f6 {[%emt 0:07:41]} 21. Rhg1 {[%emt 0:09:58]} h5 {[%emt 0:12:27]} 1/2-1/2

[Event "German Bundesliga 2021-22"]
[Site "Germany"]
[Date "2022.04.10"]
[Round "4.8"]
[White "Meissner, Felix"]
[Black "Breier, Andreas"]
[Result "1-0"]
[WhiteElo "2381"]
[BlackElo "2368"]
[Annotator "NA RC"]
[PlyCount "97"]
[EventDate "2022.03.05"]
[EventType "team-tourn"]
[EventCountry "GER"]
[SourceTitle "playchess.com"]
[Source "ChessBase"]
[SourceQuality "1"]
[TimeControl "40/5400+30:1800+30"]

1. e4 {[%emt 0:00:00]} c5 {[%emt 0:00:00]} 2. Nf3 {[%emt 0:00:00]} d6 {[%emt 0:00:00]} 3. Bb5+ {[%emt 0:00:00]} Nd7 {[%emt 0:00:00]} 4. O-O {[%emt 0:00:00]} Ngf6 {[%emt 0:00:00]} 5. Re1 {[%emt 0:00:00]} a6 {[%emt 0:00:00]} 6. Bf1 {[%emt 0:00:00]} e5 {[%emt 0:00:00]} 7. c3 {[%emt 0:00:00]} Be7 {[%emt 0:00:00]} 8. d4 {[%emt 0:00:00]} O-O {[%emt 0:00:00]} 9. a4 {[%emt 0:00:00]} b6 {[%emt 0:00:00]} 10. d5 {[%emt 0:00:00]} Ne8 {[%emt 0:00:00]} 11. Na3 {[%emt 0:00:00]} Rb8 {[%emt 0:03:11]} 12. Nc4 {[%emt 0:00:26]} g6 {[%emt 0:06:22]} 13. Bh6 {[%emt 0:02:33]} Ng7 {[%emt 0:01:50]} 14. b4 {[%emt 0:05:23]} f6 {[%emt 0:14:40]} 15. Rb1 {[%emt 0:06:48]} Qc7 {[%emt 0:03:05]} 16. g3 {[%emt 0:06:15]} Rf7 {[%emt 0:01:26]} 17. Rb2 {[%emt 0:09:51]} Nf8 {[%emt 0:28:53]} 18. bxc5 {[%emt 0:03:05]} bxc5 {[%emt 0:00:54]} 19. Rxb8 {[%emt 0:00:10]} Qxb8 {[%emt 0:00:03]} 20. Qb1 {[%emt 0:01:31]} Qc7 {[%emt 0:01:50]} 21. Qb6 {[%emt 0:01:57]} Qd7 {[%emt 0:01:11]} 22. Qb8 {[%emt 0:01:34]} Qd8 {[%emt 0:06:54]} 23. Qb6 {[%emt 0:14:07]} Ne8 {[%emt 0:02:02]} 24. Rb1 {[%emt 0:02:22]} Qd7 {[%emt 0:06:51]} 25. Qb8 {[%emt 0:04:12]} Bd8 {[%emt 0:00:06]} 26. Bxf8 {[%emt 0:05:56]} Rxf8 {[%emt 0:06:30]} 27. Nb6 {[%emt 0:01:16]} Bxb6 {[%emt 0:00:10]} 28. Rxb6 {[%emt 0:00:34]} Kf7 {[%emt 0:10:37]} 29. Nd2 {[%emt 0:04:38]} Ke7 {[%emt 0:00:25]} 30. Nc4 {[%emt 0:02:30]} f5 {[%emt 0:02:27]} 31. Rc6 {[%emt 0:01:40]} Bb7 {[%emt 0:00:13]} 32. Nb6 {[%emt 0:00:38]} Bxc6 {[%emt 0:00:04]} 33. Nxd7 {[%emt 0:00:22]} Bxd7 {[%emt 0:00:04]} 34. Qa7 {[%emt 0:01:28]} Nf6 {[%emt 0:00:40]} 35. exf5 {[%emt 0:01:47]} Nxd5 {[%emt 0:00:25]} 36. fxg6 {[%emt 0:00:26]} hxg6 {[%emt 0:00:11]} 37. Bh3 {[%emt 0:04:23]} Rd8 {[%emt 0:00:18]} 38. Bxd7 {[%emt 0:00:57]} Rxd7 {[%emt 0:00:04]} 39. Qxa6 {[%emt 0:00:06]} Nxc3 {[%emt 0:00:09]} 40. Qc4 {[%emt 0:00:23]} Nxa4 {[%emt 0:04:51]} 41. Qxa4 {[%emt 0:30:07]} d5 {[%emt 0:33:43]} 42. Qh4+ {[%emt 0:01:55]} Ke6 {[%emt 0:00:28]} 43. Qg4+ {[%emt 0:00:07]} Kd6 {[%emt 0:00:09]} 44. Qxg6+ {[%emt 0:00:16]} Kc7 {[%emt 0:00:06]} 45. Qe6 {[%emt 0:00:42]} d4 {[%emt 0:00:40]} 46. Qxe5+ {[%emt 0:00:16]} Kc6 {[%emt 0:00:04]} 47. Kf1 {[%emt 0:00:49]} Ra7 {[%emt 0:01:08]} 48. Qe6+ {[%emt 0:01:20]} Kb5 {[%emt 0:00:06]} 49. Qb3+ {[%emt 0:00:07]} 1-0

[Event "German Bundesliga 2021-22"]
[Site "Germany"]
[Date "2022.04.10"]
[Round "4.9"]
[White "Sarana, Alexey"]
[Black "Cheparinov, Ivan"]
[Result "1/2-1/2"]
[WhiteElo "2685"]
[BlackElo "2672"]
[Annotator "TA"]
[PlyCount "40"]
[EventDate "2022.03.05"]
[EventType "team-tourn"]
[EventCountry "GER"]
[SourceTitle "playchess.com"]
[Source "ChessBase"]
[SourceQuality "1"]
[TimeControl "40/5400+30:1800+30"]

{[%evp 15,40,0,1,16,18,0,0,0,0,0,0,-6,0,-13,-4,-40,-17,-21,-4,-9,0,-6,0,-22,8,-5,0]} 1. d4 {[%emt 0:00:00]} d5 {[%emt 0:00:00]} 2. c4 {[%emt 0:00:00]} dxc4 {[%emt 0:00:00]} 3. Nf3 {[%emt 0:00:00]} Nf6 {[%emt 0:00:00]} 4. e3 {[%emt 0:00:00]} e6 {[%emt 0:00:00]} 5. Bxc4 {[%emt 0:00:00]} c5 {[%emt 0:00:00]} 6. O-O {[%emt 0:00:00]} Nc6 {[%emt 0:00:00]} 7. Nc3 {[%emt 0:00:00]} a6 {[%emt 0:00:00] The main line 7...a6 scores better than 7...cxd4.} 8. a3 {[%emt 0:00:00]} b5 {[%emt 0:00:00]} 9. Ba2 {[%emt 0:00:00] D40: Queen's Gambit Declined: Semi-Tarrasch with 5 e3.} Bb7 {[%emt 0:00:00]} 10. dxc5 {[%emt 0:02:08]} (10. Qe2 {is interesting.} cxd4 11. Rd1 b4 12. axb4 Bd6 13. exd4 Nxb4 14. d5) 10... Qxd1 {[%emt 0:00:00]} 11. Rxd1 {[%emt 0:00:03] Hoping for b4.} Bxc5 {[%emt 0:00:00]} 12. b4 {[%emt 0:00:59]} Be7 {[%emt 0:00:00]} 13. Bb2 {[%emt 0:00:41]} O-O {[%emt 0:00:00] [#]} 14. Nd2 $146 {[%emt 0:06:22]} ({Predecessor:} 14. Kf1 Rfd8 15. Rxd8+ Rxd8 16. Rd1 Rxd1+ 17. Nxd1 Kf8 18. Ke2 Ke8 19. Nd2 g6 20. f3 {½-½ (58) Lintchevski,D (2570)-Alekseev,E (2589) St Petersburg 2021}) 14... Ne5 {[%emt 0:04:14]} 15. Rab1 {[%emt 0:18:47]} Rfd8 {[%emt 0:03:00]} (15... Nd3 {seems wilder.} 16. Ba1 Ng4 17. Nce4 Rfd8) 16. h3 {[%emt 0:00:36] The position is equal.} Rac8 {[%emt 0:22:47]} 17. Bb3 {[%emt 0:03:11][%cal Oc3b5]} Bd6 {[%emt 0:13:58]} 18. Ne2 {[%emt 0:01:56]} Bb8 {[%emt 0:01:25]} 19. Nd4 {[%emt 0:05:05][%cal Od4e6]} Bd5 {[%emt 0:05:33]} 20. Kf1 {[%emt 0:08:27]} h5 {[%emt 0:02:35] A balanced but interesting game.  Weighted Error Value: White=0.11 (very precise) /Black=0.08 (flawless)} 1/2-1/2

[Event "German Bundesliga 2021-22"]
[Site "Germany"]
[Date "2022.04.10"]
[Round "4.9"]
[White "Nisipeanu, Liviu-Dieter"]
[Black "Fressinet, Laurent"]
[Result "1-0"]
[WhiteElo "2652"]
[BlackElo "2630"]
[Annotator "TA"]
[PlyCount "41"]
[EventDate "2022.03.05"]
[EventType "team-tourn"]
[EventCountry "GER"]
[SourceTitle "playchess.com"]
[Source "ChessBase"]
[SourceQuality "1"]
[TimeControl "40/5400+30:1800+30"]

{[%evp 10,41,16,13,21,17,16,16,20,23,25,0,8,7,39,-36,-19,-116,66,64,93,61,92,94,118,117,289,313,293,296,430,426,1031,998]} 1. d4 {[%emt 0:00:00]} Nf6 {[%emt 0:00:00]} 2. c4 {[%emt 0:00:00]} e6 {[%emt 0:00:00]} 3. Nc3 {[%emt 0:00:00]} d5 {[%emt 0:00:00]} 4. Bg5 {[%emt 0:00:00]} Be7 {[%emt 0:00:00]} 5. e3 {[%emt 0:00:00]} h6 {[%emt 0:00:00]} 6. Bh4 {[%emt 0:00:00]} dxc4 {[%emt 0:00:00] D53: Queen's Gambit Declined: 4 Bg5 Be7: Early deviations.} 7. Bxc4 {[%emt 0:00:00]} c5 {[%emt 0:00:00]} 8. Nf3 {[%emt 0:05:04]} cxd4 {[%emt 0:00:00] The position is equal.} 9. Nxd4 {[%emt 0:03:52]} Bd7 {[%emt 0:00:00] [#]} 10. Qe2 $5 $146 {[%emt 0:15:15][%mdl 8] New and interesting.} ({Predecessor:} 10. O-O O-O 11. Rc1 Nc6 12. Nb3 Rc8 13. Be2 Nd5 14. Bg3 Nxc3 15. Rxc3 Nb4 16. Rxc8 Qxc8 17. Bd6 Nd5 18. Bxe7 Nxe7 19. Qd6 {½-½ (28) Carlsen,M (2872)-Caruana,F (2822) Wijk aan Zee 2020}) 10... O-O {[%emt 0:10:49]} 11. Rd1 {[%emt 0:09:32]} Qc8 {[%emt 0:33:35]} 12. g4 {[%emt 0:18:13]} (12. Nf3 $14) 12... Nc6 {[%emt 0:09:26]} 13. g5 {[%emt 0:10:39]} (13. O-O $11) 13... Nxd4 $2 {[%emt 0:21:28]} ({Black should try} 13... Nh7 $1 $17 14. gxh6 Bxh4 15. hxg7 Rd8) 14. Rxd4 $14 {[%emt 0:00:36]} hxg5 {[%emt 0:00:03]} 15. Bxg5 {[%emt 0:00:16]} b5 {[%emt 0:00:11] [#] White must now prevent ...Qb7.} 16. Bb3 $1 {[%emt 0:06:51] aiming for Rh4.} (16. Nxb5 $6 Qc5 17. h4 (17. Bxf6 Bxf6 18. Rxd7 Qc6 $11) 17... Bxb5 18. Bxb5 Rad8 $11) (16. Bxb5 $6 Bxb5 17. Qxb5 Rb8 $15) 16... b4 {[%emt 0:04:22]} 17. Ne4 {[%emt 0:03:04] &Bianco is more active.} Nxe4 {[%emt 0:04:34] This costs Black the game.} (17... Qc1+ $16 18. Bd1 Nxe4 19. Bxe7 Rfe8) 18. Bxe7 $18 {[%emt 0:00:08]} Re8 {[%emt 0:04:21] [#]} 19. Bh4 {[%emt 0:00:25] A strong pair of Bishops.} ({Not} 19. Rxe4 Qc6 20. Qc4 Rxe7 $14) ({Weaker is} 19. Bxb4 Qc1+ 20. Bd1 Nf6 $16) 19... Bc6 {[%emt 0:07:02]} (19... Qc1+ $142 20. Rd1 Qc7) 20. Rg1 {[%emt 0:01:32] Strongly threatening Qg4.} e5 {[%emt 0:01:32] [#]} (20... Bd5 $142 21. Bc2 Qc6) 21. Qh5 $1 {[%emt 0:01:21] Weighted Error Value: White=0.23 (precise) /Black=0.55} 1-0

[Event "German Bundesliga 2021-22"]
[Site "Germany"]
[Date "2022.04.10"]
[Round "4.9"]
[White "Santos Latasa, Jaime"]
[Black "Harikrishna, Pentala"]
[Result "1/2-1/2"]
[WhiteElo "2640"]
[BlackElo "2719"]
[Annotator "TA"]
[PlyCount "114"]
[EventDate "2022.03.05"]
[EventType "team-tourn"]
[EventCountry "GER"]
[SourceTitle "playchess.com"]
[Source "ChessBase"]
[SourceQuality "1"]
[TimeControl "40/5400+30:1800+30"]

{[%evp 10,114,10,18,33,10,30,16,46,12,10,13,15,7,10,0,0,0,0,0,0,4,18,35,19,13,19,20,21,19,85,89,101,54,65,26,89,52,48,46,41,8,33,61,47,0,0,0,0,0,0,0,21,16,82,38,50,49,131,36,165,161,170,0,49,67,75,38,43,29,147,0,0,0,0,0,0,0,5,11,4,0,0,0,0,0,0,0,0,0,0,0,0,0,0,0,0,0,-28000,-28000,-28000,-28000,-28000,-28000,-28000,-28000,-28000]} 1. e4 {[%emt 0:00:00]} e5 {[%emt 0:00:00]} 2. Nf3 {[%emt 0:00:00]} Nc6 {[%emt 0:00:00]} 3. Bc4 {[%emt 0:00:00]} Nf6 {[%emt 0:00:00]} 4. d3 {[%emt 0:00:00]} Bc5 {[%emt 0:00:00]} 5. O-O {[%emt 0:00:00]} d6 {[%emt 0:00:00]} 6. c3 {[%emt 0:00:00]} a5 {[%emt 0:00:00] C54: Giuoco Piano: 4 c3 Nf6, main lines with 5 d4 and 5 d3.} 7. Re1 {[%emt 0:00:00]} (7. Bg5 $5 {[%cal Rd3d4]}) 7... Ba7 {[%emt 0:00:00]} 8. Na3 {[%emt 0:00:00]} O-O {[%emt 0:00:00] [#] The position is equal.} 9. Nb5 $146 {[%emt 0:00:22]} ({Predecessor:} 9. Bg5 h6 10. Bh4 g5 11. Bg3 Nh7 12. Nc2 h5 13. h4 Bg4 14. hxg5 Nxg5 15. Ne3 Bxe3 16. Rxe3 {0-1 (28) Volokitin,A (2606)-Rakotomaharo,F (2391) Riga 2021}) 9... Bb6 {[%emt 0:00:00]} 10. h3 {[%emt 0:00:50]} h6 {[%emt 0:01:27]} 11. Bb3 {[%emt 0:07:43]} Re8 {[%emt 0:05:40]} 12. Be3 {[%emt 0:05:43]} Bxe3 {[%emt 0:03:08]} 13. Rxe3 {[%emt 0:00:36]} Bd7 {[%emt 0:06:10]} 14. a4 {[%emt 0:04:54]} Ne7 {[%emt 0:01:47]} 15. Nh4 {[%emt 0:07:53]} d5 {[%emt 0:12:04]} 16. Nf3 {[%emt 0:02:46]} Ng6 {[%emt 0:00:34]} 17. exd5 {[%emt 0:00:46]} Bxb5 {[%emt 0:00:13]} 18. axb5 {[%emt 0:00:04]} Nxd5 {[%emt 0:00:11]} 19. Re4 {[%emt 0:02:54]} f5 {[%emt 0:07:36]} (19... Nf6 $11 {keeps the balance.}) 20. Re1 {[%emt 0:00:28][%cal Oh3h4] &Bianco is more active.} c6 {[%emt 0:02:47]} 21. bxc6 {[%emt 0:02:48]} (21. g3 $16) 21... bxc6 $14 {[%emt 0:00:08]} 22. g3 {[%emt 0:03:41]} (22. Nd2 {keeps more tension.} Ngf4 23. Nc4 Qg5 24. Qf3) 22... Qf6 {[%emt 0:10:05]} (22... Rb8 $11) 23. h4 {[%emt 0:05:20]} Kh8 {[%emt 0:02:34]} 24. h5 {[%emt 0:02:49]} (24. Nd2 {is interesting.} Nxh4 25. Bxd5 cxd5 26. gxh4 Qxh4 27. Nf3) 24... Nf8 {[%emt 0:05:09]} 25. Nh4 {[%emt 0:10:31]} g5 {[%emt 0:03:03]} 26. hxg6 {[%emt 0:00:49]} Nxg6 {[%emt 0:00:09]} 27. Ra4 {[%emt 0:01:16]} (27. Bxd5 $14 cxd5 28. Ra4) 27... f4 $1 $11 {[%emt 0:04:46]} 28. Qh5 {[%emt 0:02:17][%csl LRg6,LRh6]} Nxh4 {[%emt 0:00:18]} 29. Qxh4 {[%emt 0:01:26]} Qxh4 {[%emt 0:03:25]} 30. gxh4 {[%emt 0:00:08]} Nf6 {[%emt 0:02:44]} 31. Bc4 {[%emt 0:03:20]} Ra7 {[%emt 0:03:02]} (31... f3 $11 {remains equal.}) 32. Kf1 {[%emt 0:08:41]} e4 $1 {[%emt 0:04:24]} 33. b4 $1 {[%emt 0:10:05]} e3 {[%emt 0:05:44]} ({Better is} 33... Rg7 $14) 34. fxe3 {[%emt 0:05:15]} (34. bxa5 $6 Ng4 $11) (34. Rxa5 $16 Rg7 35. fxe3) 34... fxe3 {[%emt 0:06:54]} (34... Ng4 $1 $14) 35. Rxa5 {[%emt 0:00:48]} Rg7 {[%emt 0:05:54]} 36. Ra2 $2 {[%emt 0:09:49]} (36. Ke2 $18) 36... Nd5 {[%emt 0:04:50]} (36... Nh5 $1 $11) 37. Bxd5 $14 {[%emt 0:00:44]} cxd5 {[%emt 0:00:25][%mdl 4096] Endgame KRR-KRR} 38. Rg2 {[%emt 0:00:25] Strongly threatening Rxg7.} Rc7 {[%emt 0:01:22]} 39. Rc1 {[%emt 0:01:46]} Ra8 {[%emt 0:02:11] [#]} (39... Rf8+ $1 $11 40. Ke2 d4) 40. Rcc2 {[%emt 0:02:06]} ({White should play} 40. d4 $1 $16) 40... d4 $11 {[%emt 0:00:54]} 41. Ke2 {[%emt 0:30:49]} Ra1 {[%emt 0:00:00]} 42. Kf3 {[%emt 0:00:00]} Rf1+ {[%emt 0:00:00]} 43. Ke4 {[%emt 0:00:00]} e2 {[%emt 0:00:00]} 44. Rgxe2 {[%emt 0:00:00]} ({But not} 44. Rcxe2 dxc3 45. Rc2 Rb1 $16) 44... dxc3 {[%emt 0:00:00]} 45. Kd4 {[%emt 0:00:00]} Rb1 {[%emt 0:00:00]} 46. Rxc3 {[%emt 0:00:00]} Rd7+ {[%emt 0:00:00]} 47. Ke3 {[%emt 0:00:00] Threatens to win with Rc4.} Re7+ {[%emt 0:00:00]} 48. Kf2 {[%emt 0:00:00]} Rf7+ {[%emt 0:00:00]} 49. Kg2 {[%emt 0:00:00]} Rg7+ {[%emt 0:01:16]} 50. Kh2 {[%emt 0:00:00]} Rxb4 {[%emt 0:00:13][%cal Rb4h4] [#]} 51. Rc4 {[%emt 0:00:00]} Rxc4 {[%emt 0:02:59]} 52. dxc4 {[%emt 0:00:00] KR-KR} Rg4 {[%emt 0:00:03][%csl LRc4,LRh4]} 53. Rc2 $2 {[%emt 0:00:00][%mdl 8192]} (53. c5 $11 Rxh4+ 54. Kg2) 53... Rxh4+ {[%emt 0:00:05]} 54. Kg3 {[%emt 0:00:00] Mate.} Rd4 {[%emt 0:00:05]} 55. c5 {[%emt 0:00:00]} Kg7 {[%emt 0:00:07]} 56. c6 {[%emt 0:00:00]} Rd8 {[%emt 0:00:05]} 57. Kf4 {[%emt 0:00:00]} Kf6 {[%emt 0:00:06][%mdl 32768] Quite a comeback for Black.  Weighted Error Value: White=0.19 (very precise) /Black=0.17 (very precise) . An unexpected result.} 1/2-1/2